000 00641nam a2200229Ia 4500
003 OSt
005 20220928111101.0
006 a|||||r|||| 00| 0
007 ta
008 220927b |||||||| |||| 00| 0 eng d
024 _a49082
037 _cTextual
040 _aSDCL
_cSDCL
_beng
041 _2eng
_aeng
082 _aO152,1(R4)J56:g, L4
100 _aAankichan Bal Krishna
_9421470
245 0 _aBhartey neti kavy parmpara aur rahim.
260 _aDelhi
_bAalankar Prakashan
_c1974
300 _a581p.
_ccm.
942 _hO152,1(R4)J56:g, L4
_cTEXL
_2CC
999 _c737777
_d737777